| 000 | 00536nam a2200181Ia 4500 | ||
|---|---|---|---|
| 001 | 23882 | ||
| 005 | 20260414151007.0 | ||
| 008 | 260414t2017||||xx |||||||||||||| ||spa|| | ||
| 041 | _aESP | ||
| 082 |
_a720.47 _bD35 |
||
| 100 |
_aDe Garrido, Luis, _eAUT |
||
| 245 | 0 |
_aManual de arquitectura ecológica avanzada : _betodología de diseño para realizar una arquitectura con el máximo nivel ecológico posible |
|
| 260 | _c2017 | ||
| 300 |
_a351 páginas : _c29 cm. |
||
| 650 | _aABD | ||
| 654 | _aCAU | ||
| 942 |
_cLIB _dJUS _fJUS _2ddc _n |
||
| 999 |
_c23882 _d23882 |
||